00898nas a2200229Ia 4500001002700000003001000027008004100037040002500078041001300103100003500116210001800151222001800169245003700187250001100224260000900235501012300244300001600367362002400383500022500407650002500632700001100657A50/R024-4669 [r000001802]IT-MiCISF161014c99999999xx |||||||||||| ||und|| aIT-MiCISFcIT-MiCISF aITALIANO aConferenza Episcopale Italiana aFamiglia oggi aFamiglia oggi 0aDal conflitto alla solidarietà a1a ed. c1990 bCISF - Centro Internazionale Studi Famiglia - Via Giotto, 36 20145 MILANO (non commercial uses only)cCopyright 2016 app. 100-112 a46, lug-ago. [1990] aNota pastorale sull'immigrazione emessa dalla CEI il 25 marzo 1990 Tema: società, conflitto, famiglia-migranti, cultura, cambiamento, famiglia, scuola, chiesa, magistero, solidarietà, educazione, massmedia, pastorale asocietàvdocumento aAA.VV.